Überblick über polnische germanistische Zeitschriften und Jahrbücher der Jahre 1989 - 1991

Titel: Überblick über polnische germanistische Zeitschriften und Jahrbücher der Jahre 1989 - 1991
Verfasser:
In: Deutsch-polnisches Jahrbuch der Germanistik, (1993), Seite 151/168
alle Artikel anzeigen
Veröffentlicht: 1993
Format: Aufsatz
Sprache: Deutsch
Schlagworte:
Kein Bild verfügbar
X
alg: 13081257
001A    $04504:23-08-05 
001B    $01999:23-07-19 $t17:36:10.000 
001C    $04504:16-06-14 $t17:30:54.000 
001D    $04504:23-08-05 
001U    $0utf8 
001X    $00 
002@    $0Aox 
003@    $0130812579 
007A    $0130812579 $aHEB 
007E    $049164 
010@    $ager 
011@    $a1993 
021A    $aÜberblick über polnische germanistische Zeitschriften und Jahrbücher der Jahre 1989 - 1991 
028A    $712961789X $8Kątny, Andrzej$Z1949- [Tp1] $9159918332 
031A    $h151/168 $j1993 
039B    $aIn $8--Abvc--. Deutsch-polnisches Jahrbuch der Germanistik. - [Bonn] : DAAD, 1993 $x199300000000000849 $9048640050 
044K    $RPolen-Litauen $RKongresspolen $RWestgalizien $RStaat Krakau $#Generalgouvernement Polen $#Polska $#Rzeczpospolita Polska $#Polska Rzeczpospolita Ludowa $#Poland $#Pologne $#République Polonaise $#Generalne Gubernatorstwo w Polsce $#Polish People's Republic $#Polska Rzeczpospolita Polen $#PRL $#RP $#Polen Generalgouvernement $#Polska Generalgouvernement $#Besetzte Polnische Gebiete $#Besetztes Gebiet in Polen $#Okupowane Polskie Obszary $#Obszary Okupowane w Polsce $#Volksrepublik Polen $#Polska Rosyjska $#Republic Polen $#Respublika Pol'ša $#Pol'skaja Narodnaja Respublika $#République de Pologne $#Polen Links der Weichsel $#Polska po Lewej Stronie Wisły $#Lenkija $#Polija $#Gubernija Carstva Pol'skago $#Republik Polen $74046496-9 $8Polen [Tg1] $9085129801 
044K    $RPhilologie $RDeutsch $#German philology $#Philologie allemande $#Germanistik $#Germanistik $#Deutsche Philologie $74020383-9 $8Germanistik [Ts1] $9085048941 
044K    $RPresse $RFortlaufendes Sammelwerk $#Periodicals $#Yearbooks $#Périodiques $#Annuaires $#Publicaciones periódicas $#journals $#Periodical $#Periodicals as Topic $#Zeitschrift $#Zeitschrift $#Periodikum $#Zeitschriften $74067488-5 $8Zeitschrift [Tsz] $9085189774 
044K    $RZeitschrift $#Yearbooks $#Annuaires $#Annuari $#Jahrbuch $#Jahrbücher $74162677-1 $8Jahrbuch [Ts1] $9085719048 
045R    $aGeschichte 1989-1991 
045T    $aLING $qDE-30 $2FID 
045T    $aGER $qDE-30 $2FID 
045V    $801.07.00$jGermanistik im Ausland [Tkx] $9118843923 

lok: 13081257 62
101B    $016-06-14 $t17:30:54.000 
101U    $0utf8 
144Z/02 $aPolen (Germanistik) 
144Z/03 $aGermanistik (Polen) 

exp: 13081257 62 1 #EPN
201B/01 $016-06-14 $t17:30:54.000 
201U/01 $0utf8 
203@/01 $0286865998 
206W/01 $0laenderSW 16.06.2014 17:30:54 
206W/01 $0s2712 
208@/01 $a09-08-05 $be 
209A/01 $a/ $f000 $x00 
209B/01 $a1993 $x05 
244Z/01 $a01.07.00#Polen  $x01 
247C/01 $8Frankfurt, Bibliographie der Deutschen Sprach- und Literaturwissenschaft $9113214561 

lok: 13081257 78

exp: 13081257 78 1 #EPN
201B/01 $004-09-25 $t12:10:07.000 
201C/01 $004-09-25 
201U/01 $0utf8 
203@/01 $01317324846 
208@/01 $a04-09-25 $be 
209A/01 $a/ $f000 $x00 
209A/01 $ab*p $x01 
220C/01 $apgar 
244Z/01 $#Generalgouvernement Polen $#Polska $#Rzeczpospolita Polska $#Polska Rzeczpospolita Ludowa $#Poland $#Pologne $#République Polonaise $#Generalne Gubernatorstwo w Polsce $#Polish People's Republic $#Polska Rzeczpospolita Polen $#PRL $#RP $#Polen Generalgouvernement $#Polska Generalgouvernement $#Besetzte Polnische Gebiete $#Besetztes Gebiet in Polen $#Okupowane Polskie Obszary $#Obszary Okupowane w Polsce $#Volksrepublik Polen $#Polska Rosyjska $#Republic Polen $#Respublika Pol'ša $#Pol'skaja Narodnaja Respublika $#République de Pologne $#Polen Links der Weichsel $#Polska po Lewej Stronie Wisły $#Lenkija $#Polija $#Gubernija Carstva Pol'skago $#Republik Polen $74046496-9 $8--Tg1--Polen $x01 $9085129801 
247C/01 $82080>Marburg/Lahn, Herder-Institut, Forschungsbibliothek, Bibliographieportal $9336309341
LEADER 00000caa a22000002c 4500
001 130812579
003 DE-603
005 20190723173610.0
007 tu
008 050823s1993 xx |||| | u00||u|ger c
035 |a (DE-599)HEB130812579 
040 |a DE-603  |b ger  |c DE-603  |d DE-603 
041 |a ger 
084 |a LING  |q DE-30  |2 fid 
084 |a GER  |q DE-30  |2 fid 
100 1 |a Kątny, Andrzej  |d 1949-  |0 (DE-603)159918332  |0 (DE-588)12961789X  |2 gnd 
245 0 0 |a Überblick über polnische germanistische Zeitschriften und Jahrbücher der Jahre 1989 - 1991 
264 0 |c 1993 
648 7 |a Geschichte 1989-1991  |2 gnd 
650 7 |a Germanistik  |0 (DE-588)4020383-9  |0 (DE-603)085048941  |2 gnd 
650 7 |a Zeitschrift  |0 (DE-588)4067488-5  |0 (DE-603)085189774  |2 gnd 
650 7 |a Jahrbuch  |0 (DE-588)4162677-1  |0 (DE-603)085719048  |2 gnd 
651 7 |a Polen  |0 (DE-588)4046496-9  |0 (DE-603)085129801  |2 gnd 
773 0 8 |i In  |t Deutsch-polnisches Jahrbuch der Germanistik  |d [Bonn] : DAAD, 1993  |g (1993), Seite 151/168  |w (DE-603)048640050  |w (DE-600)1174648-8 
924 0 |9 603  |a (DE-603)286865998  |b DE-603  |c HES  |d d 
924 0 |9 2080  |a (DE-603)1317324846  |b DE-2080  |c HES  |d d  |g /